ARRUPE JESUIT UNIVERSITY

CORONAVIRUS -STOP THE SPREAD - CLEAN,DISINFECT,COVER

Victorian electroplate. (Record no. 128746)

MARC details
000 -LEADER
fixed length control field 00811cam a2200289 4500
001 - CONTROL NUMBER
control field 297532
003 - CONTROL NUMBER IDENTIFIER
control field ARRUPE
005 - DATE AND TIME OF LATEST TRANSACTION
control field 20190109101107.0
008 - FIXED-LENGTH DATA ELEMENTS--GENERAL INFORMATION
fixed length control field 720202s1971 enkach 000 0 eng
010 ## - LIBRARY OF CONGRESS CONTROL NUMBER
LC control number 71882918
015 ## - NATIONAL BIBLIOGRAPHY NUMBER
National bibliography number B71-06885
020 ## - INTERNATIONAL STANDARD BOOK NUMBER
International Standard Book Number 0600435016
040 ## - CATALOGING SOURCE
Original cataloging agency DLC
Transcribing agency DLC
Modifying agency DLC
043 ## - GEOGRAPHIC AREA CODE
Geographic area code e-uk-en
050 00 - LIBRARY OF CONGRESS CALL NUMBER
Classification number SPC. TS680
Item number .B86
082 00 - DEWEY DECIMAL CLASSIFICATION NUMBER
Classification number 739.2/3/742
300 ## - PHYSICAL DESCRIPTION
Other physical details illus., facsims., port.
Dimensions 19 cm.
100 1# - MAIN ENTRY--PERSONAL NAME
Personal name Bury, Shirley.
9 (RLIN) 43893
245 10 - TITLE STATEMENT
Title Victorian electroplate.
Statement of responsibility, etc Shirley Bury
260 ## - PUBLICATION, DISTRIBUTION, ETC. (IMPRINT)
Place of publication, distribution, etc Feltham,
Name of publisher, distributor, etc Hamlyn,
Date of publication, distribution, etc 1971.
300 ## - PHYSICAL DESCRIPTION
Extent 63 p.
350 ## - PRICE (NR) (BK AM CF MU VM SE) [OBSOLETE]
Price £0.65
490 0# - SERIES STATEMENT
Series statement Country Life collectors' guides
500 ## - GENERAL NOTE
General note Caption title.
650 #0 - SUBJECT ADDED ENTRY--TOPICAL TERM
Topical term or geographic name as entry element Silver-plating.
9 (RLIN) 43894
650 #0 - SUBJECT ADDED ENTRY--TOPICAL TERM
Topical term or geographic name as entry element Silver-plated ware, Victorian.
9 (RLIN) 43895
906 ## - LOCAL DATA ELEMENT F, LDF (RLIN)
a 7
b cbc
c orignew
d 4
e ncip
f 19
g y-gencatlg
942 ## - ADDED ENTRY ELEMENTS (KOHA)
Source of classification or shelving scheme Library of Congress Classification
Koha item type Monograph ( Printed materials)
Holdings
Withdrawn status Lost status Source of classification or shelving scheme Damaged status Not for loan Collection code Home library Current library Shelving location Date acquired Total Checkouts Full call number Barcode Date last seen Price effective from Koha item type
    Library of Congress Classification     SPECIAL Collection ARRUPE LIBRARY ARRUPE LIBRARY REFERENCE 09/01/2019   SPC. TS680 .B86 46600002772 09/01/2019 09/01/2019 SPC

 

Arrupe Library. PO Box MP320 Mt Pleasant, Harare, Zimbabwe
263 242 745411|librarian@aju.ac.zw